000 00940nam a2200205Ii 4500
003 JO-AjNU
008 230605s9999||||xx |||||||||||||| ||und||
040 _aJO-AjNU
_bara
_erda
_cJO-AjNU
041 _aara
050 1 4 _aHQ782 .S5312 2005
100 3 _aتاليف: Sheridan, Mary D ؛ نقحة وزادت عليه: Smith,Liz Meldon / Harding,Jackie؛ ترجمة: محمد طالب السيد سليمان,
_eauthor
_922068
245 0 0 _aاللعب في الطفولة المبكرة من الميلاد وحتى سن السادسة =Play in Early Childhood From birth to six years
250 _aط1
264 3 1 _aالعين: دار الكتاب الجامعي، 2005
300 _a92ص
_bيحتوي على ببلوغرافية وملاحق من 79-92ص
336 _atext
_btxt
_2rdacontent
337 _aunmediated
_bn
_2rdamedia
338 _avolume
_bnc
_2rdacarrier
650 4 _aلعب الاطفال - جوانب نفسية
_922069
999 _aA7771
_c11339
_d11339